000 00569nam a2200193 4500
001 123253
003 ES-MaACL
005 20230906192135.0
007 t|
008 070214s1975 sp r ||||0| spa d
100 1 _aRábade Romeo, Sergio.
_994831
245 1 0 _aHume y el fenomenismo moderno /
_cSergio Rábade Romeo.
260 _aMadrid :
_bGredos,
_c1975.
300 _a474 p ;
_c20 cm.
490 1 _aBiblioteca Hispánica de Filosofía
830 0 _aBiblioteca Hispánica de Filosofía
_9181000
852 _aES-MaACL
_jE-9588
_bR.94064
999 _c123253
_d123253